000 00279nam a22001217a 4500
008 181106b xxu||||| |||| 00| 0 eng d
041 _aeng
080 _a370
100 _a47
101 _aEdu
245 _aCollege Skills STatehies, For Success
_cHOPER.C H
942 _2udc
_cBK
999 _c51963
_d51963